000 00657nam a2200217 i 4500
001 182534
003 ES-MaACL
005 20250822012615.0
008 130912s2012 sp |||| | spa d
020 _a978-849940625-4-4
100 1 _aVaras Doval, María Esther.
_9149363
245 1 0 _aCuéntame un cuento /
_cEsther Varas Doval.
260 _aMadrid :
_bAtanor,
_c2012.
300 _a95 p. :
_bil. ;
_c23 cm.
490 1 _aAtanor incognita
650 0 7 _aAutoayuda
_2embne
_910421
830 0 _aAtanor incognita
_9191762
852 _aES-MaACL
_jA-12921
_9189447
_bR.149492
_cDEPO1
_dOlim: N-5921
942 _2udc
_cMONOGRAFIA
999 _c182534
_d182534